000
00277nam a2200121Ia 4500
005
20251222141806.0
008
251222s9999||||xx |||||||||||||| ||spa||
020
_a
88-7234-001-2
082
_a
475.04/B45P
100
_a
Bernardis, Silvana De
245
0
_a
Aetates:
942
_c
LIB
999
_c
6306
_d
6306